<?xml version="1.0" encoding="UTF-8"?>
<record
    xmlns:xsi="http://www.w3.org/2001/XMLSchema-instance"
    xsi:schemaLocation="http://www.loc.gov/MARC21/slim http://www.loc.gov/standards/marcxml/schema/MARC21slim.xsd"
    xmlns="http://www.loc.gov/MARC21/slim">

  <leader>00483nam a2200193   4500</leader>
  <controlfield tag="003">SEACOMEC</controlfield>
  <controlfield tag="005">20240404145525.0</controlfield>
  <controlfield tag="008">231006b        |||||||| |||| 00| 0 eng d</controlfield>
  <datafield tag="020" ind1=" " ind2=" ">
    <subfield code="c">Rs. 300.00</subfield>
  </datafield>
  <datafield tag="040" ind1=" " ind2=" ">
    <subfield code="a">SEACOMEC</subfield>
  </datafield>
  <datafield tag="082" ind1=" " ind2=" ">
    <subfield code="a">621.4022</subfield>
    <subfield code="b">S948</subfield>
  </datafield>
  <datafield tag="100" ind1="1" ind2=" ">
    <subfield code="a">Sukhatme, S.P.</subfield>
  </datafield>
  <datafield tag="245" ind1="1" ind2="2">
    <subfield code="a">A Textbook on Heat transfer</subfield>
    <subfield code="c">S.P. Sukhatme</subfield>
  </datafield>
  <datafield tag="250" ind1=" " ind2=" ">
    <subfield code="a">4th ed.</subfield>
  </datafield>
  <datafield tag="260" ind1=" " ind2=" ">
    <subfield code="a">Hyderabad</subfield>
    <subfield code="b">Universities</subfield>
    <subfield code="c">2005</subfield>
  </datafield>
  <datafield tag="650" ind1=" " ind2=" ">
    <subfield code="a">Applied physics</subfield>
  </datafield>
  <datafield tag="650" ind1=" " ind2=" ">
    <subfield code="a">Heat engineering</subfield>
  </datafield>
  <datafield tag="942" ind1=" " ind2=" ">
    <subfield code="c">BOOK</subfield>
  </datafield>
  <datafield tag="952" ind1=" " ind2=" ">
    <subfield code="0">0</subfield>
    <subfield code="1">0</subfield>
    <subfield code="2">ddc</subfield>
    <subfield code="4">0</subfield>
    <subfield code="7">0</subfield>
    <subfield code="a">SEACOMEC</subfield>
    <subfield code="b">SEACOMEC</subfield>
    <subfield code="d">2024-04-04</subfield>
    <subfield code="l">0</subfield>
    <subfield code="o">621.4022 S948</subfield>
    <subfield code="p">4895</subfield>
    <subfield code="r">2024-04-04 15:13:04</subfield>
    <subfield code="w">2024-04-04</subfield>
    <subfield code="y">BOOK</subfield>
  </datafield>
  <datafield tag="952" ind1=" " ind2=" ">
    <subfield code="0">0</subfield>
    <subfield code="1">0</subfield>
    <subfield code="2">ddc</subfield>
    <subfield code="4">0</subfield>
    <subfield code="7">0</subfield>
    <subfield code="a">SEACOMEC</subfield>
    <subfield code="b">SEACOMEC</subfield>
    <subfield code="d">2024-04-04</subfield>
    <subfield code="l">0</subfield>
    <subfield code="o">621.4022 S948</subfield>
    <subfield code="p">4896</subfield>
    <subfield code="r">2024-04-04 15:13:30</subfield>
    <subfield code="t">1</subfield>
    <subfield code="w">2024-04-04</subfield>
    <subfield code="y">BOOK</subfield>
  </datafield>
  <datafield tag="952" ind1=" " ind2=" ">
    <subfield code="0">0</subfield>
    <subfield code="1">0</subfield>
    <subfield code="2">ddc</subfield>
    <subfield code="4">0</subfield>
    <subfield code="7">0</subfield>
    <subfield code="a">SEACOMEC</subfield>
    <subfield code="b">SEACOMEC</subfield>
    <subfield code="d">2024-04-04</subfield>
    <subfield code="l">0</subfield>
    <subfield code="o">621.4022 S948</subfield>
    <subfield code="p">4897</subfield>
    <subfield code="r">2024-04-04 15:13:30</subfield>
    <subfield code="t">2</subfield>
    <subfield code="w">2024-04-04</subfield>
    <subfield code="y">BOOK</subfield>
  </datafield>
  <datafield tag="952" ind1=" " ind2=" ">
    <subfield code="0">0</subfield>
    <subfield code="1">0</subfield>
    <subfield code="2">ddc</subfield>
    <subfield code="4">0</subfield>
    <subfield code="7">0</subfield>
    <subfield code="a">SEACOMEC</subfield>
    <subfield code="b">SEACOMEC</subfield>
    <subfield code="d">2024-04-04</subfield>
    <subfield code="l">0</subfield>
    <subfield code="o">621.4022 S948</subfield>
    <subfield code="p">4898</subfield>
    <subfield code="r">2024-04-04 15:13:30</subfield>
    <subfield code="t">3</subfield>
    <subfield code="w">2024-04-04</subfield>
    <subfield code="y">BOOK</subfield>
  </datafield>
  <datafield tag="952" ind1=" " ind2=" ">
    <subfield code="0">0</subfield>
    <subfield code="1">0</subfield>
    <subfield code="2">ddc</subfield>
    <subfield code="4">0</subfield>
    <subfield code="7">0</subfield>
    <subfield code="a">SEACOMEC</subfield>
    <subfield code="b">SEACOMEC</subfield>
    <subfield code="d">2024-04-04</subfield>
    <subfield code="l">0</subfield>
    <subfield code="o">621.4022 S948</subfield>
    <subfield code="p">4899</subfield>
    <subfield code="r">2024-04-04 15:13:30</subfield>
    <subfield code="t">4</subfield>
    <subfield code="w">2024-04-04</subfield>
    <subfield code="y">BOOK</subfield>
  </datafield>
  <datafield tag="952" ind1=" " ind2=" ">
    <subfield code="0">0</subfield>
    <subfield code="1">0</subfield>
    <subfield code="2">ddc</subfield>
    <subfield code="4">0</subfield>
    <subfield code="7">0</subfield>
    <subfield code="a">SEACOMEC</subfield>
    <subfield code="b">SEACOMEC</subfield>
    <subfield code="d">2024-04-04</subfield>
    <subfield code="l">0</subfield>
    <subfield code="o">621.4022 S948</subfield>
    <subfield code="p">4900</subfield>
    <subfield code="r">2024-04-04 15:13:30</subfield>
    <subfield code="t">5</subfield>
    <subfield code="w">2024-04-04</subfield>
    <subfield code="y">BOOK</subfield>
  </datafield>
  <datafield tag="952" ind1=" " ind2=" ">
    <subfield code="0">0</subfield>
    <subfield code="1">0</subfield>
    <subfield code="2">ddc</subfield>
    <subfield code="4">0</subfield>
    <subfield code="7">0</subfield>
    <subfield code="a">SEACOMEC</subfield>
    <subfield code="b">SEACOMEC</subfield>
    <subfield code="d">2024-04-04</subfield>
    <subfield code="l">0</subfield>
    <subfield code="o">621.4022 S948</subfield>
    <subfield code="p">4901</subfield>
    <subfield code="r">2024-04-04 15:13:30</subfield>
    <subfield code="t">6</subfield>
    <subfield code="w">2024-04-04</subfield>
    <subfield code="y">BOOK</subfield>
  </datafield>
  <datafield tag="952" ind1=" " ind2=" ">
    <subfield code="0">0</subfield>
    <subfield code="1">0</subfield>
    <subfield code="2">ddc</subfield>
    <subfield code="4">0</subfield>
    <subfield code="7">0</subfield>
    <subfield code="a">SEACOMEC</subfield>
    <subfield code="b">SEACOMEC</subfield>
    <subfield code="d">2024-04-04</subfield>
    <subfield code="l">0</subfield>
    <subfield code="o">621.4022 S948</subfield>
    <subfield code="p">4902</subfield>
    <subfield code="r">2024-04-04 15:13:30</subfield>
    <subfield code="t">7</subfield>
    <subfield code="w">2024-04-04</subfield>
    <subfield code="y">BOOK</subfield>
  </datafield>
  <datafield tag="952" ind1=" " ind2=" ">
    <subfield code="0">0</subfield>
    <subfield code="1">0</subfield>
    <subfield code="2">ddc</subfield>
    <subfield code="4">0</subfield>
    <subfield code="7">0</subfield>
    <subfield code="a">SEACOMEC</subfield>
    <subfield code="b">SEACOMEC</subfield>
    <subfield code="d">2024-04-04</subfield>
    <subfield code="l">0</subfield>
    <subfield code="o">621.4022 S948</subfield>
    <subfield code="p">4903</subfield>
    <subfield code="r">2024-04-04 15:13:30</subfield>
    <subfield code="t">8</subfield>
    <subfield code="w">2024-04-04</subfield>
    <subfield code="y">BOOK</subfield>
  </datafield>
  <datafield tag="952" ind1=" " ind2=" ">
    <subfield code="0">0</subfield>
    <subfield code="1">0</subfield>
    <subfield code="2">ddc</subfield>
    <subfield code="4">0</subfield>
    <subfield code="7">0</subfield>
    <subfield code="a">SEACOMEC</subfield>
    <subfield code="b">SEACOMEC</subfield>
    <subfield code="d">2024-04-04</subfield>
    <subfield code="l">0</subfield>
    <subfield code="o">621.4022 S948</subfield>
    <subfield code="p">4904</subfield>
    <subfield code="r">2024-04-04 15:13:30</subfield>
    <subfield code="t">9</subfield>
    <subfield code="w">2024-04-04</subfield>
    <subfield code="y">BOOK</subfield>
  </datafield>
  <datafield tag="999" ind1=" " ind2=" ">
    <subfield code="c">115</subfield>
    <subfield code="d">115</subfield>
  </datafield>
</record>
